Datum a čas kvízu

22 Celkem bodů Celkový počet nahraných bodů na tomto kvízu bez doplňovacích otázek.
5. Pořadí na kvízu Konečné umístění týmu na tomto kvízu.

Zaznamenané odpovědi

# Otázka Odpověď Body Výsledky
1. Která česká zoologická zahrada... Zoo Plzeň 0
2. Na internetu se minulý týden o... A 1
3. Ve čtvrtek vyšel trailer na no... bude černobílá 1
4. Jedna automobilka představila... Ferrari 1
5. 41letý americký basketbalista... LeBron James 1
6. Hned v úvodu bod rozdělíme: za... Ulánbátar; Altaj 0.5
7. Mongolština může být zapisován... cyrilice (azbuka) 1
8. Jak se jmenuje hudební skupina... The Hu 1
9. Které náboženství je v Mongols... buddhismus (lamaismus) 0
10. Jak se jmenuje česká spisovate... Petra Hůlová 0